000 00788cam a22002531a 4500
001 000001029
003 DO-SdBNP
005 20260317133557.0
008 900731s1992 xxu r 001 0deng
020 _a0345373162 :
040 _aDO-SdBNP
_bspa
_cBNPHU
082 _axxxx
_bxxxx
100 1 _aVan Doren, Charles Lincoln,
_d1926-
_93554
245 1 2 _aA history of knowledge :
_bpast, present, and future /
_cCharles Van Doren.
260 _aNew York, N.Y. :
_bBallantine Books,
_c1992.
300 _axxv, 422 p. ;
_c24 cm.
500 _aIncluye índice onomástico
590 _aInventariado, 2019/BT
650 4 _aErudición
_xHistoria
_93555
650 4 _aHumanidades
_93556
650 0 _aCultura
_989224
650 0 _aVida intelectual
_xAspectos sociales
_9333
942 _2ddc
_cLBS1
999 _c1005
_d1005